000 00737nam a2200181 i 4500
001 103043
003 ES-MaACL
005 20230906183244.0
007 t|
008 060104s1793 sp ||||1| spa d
080 _a616-001.86(043.2)"17"
100 1 _aMayzonada, Jacinto.
_979447
245 1 0 _aEnsayo raciocinado acerca de la aptitud o posibilidad de reviviscencia de los ahogados /
_cescrito por el Lic. Don Jacinto Mayzonada..., con una carta de el mismo al doct. Don Martín Monreal...
260 _aEn Valladolid :
_ben la Oficina de la Viuda e Hijos de Santander,
_c1793.
300 _a39 p. ;
_c20 cm.
650 1 4 _aAhogamiento-
_vObras anteriores a 1800.
_99700
852 _aES-MaACL
_jR-3430(3)
999 _c103043
_d103043